El libro de Ester

Tallennettuna:
Bibliografiset tiedot
Päätekijä: Ruiz López, Demetria (Tekijä)
Aineistotyyppi: Kirja
Kieli:espanja
Julkaistu: Pamplona Asociación Bíblica Española 2007
Pamplona Verbo Divino 2007
Sarja:Reseña Bíblica, 56
Aiheet:
Tagit: Lisää tagi
Ei tageja, Lisää ensimmäinen tagi!

MARC

LEADER 00000nam a2200000 a 4500
001 UCI7354
003 CL-VaPUC
008 080626e20070000SP |||||||||||||||||spa|d
082 0 4 |a 224.2  |b RUI  |2 21 
100 0 |a Ruiz López, Demetria  |e author  |9 530547 
245 1 3 |a El libro de Ester 
300 |a 72 p 
942 |c BK 
945 |d 20080626 00:00:00  |a jtorresc 
260 |a Pamplona  |b Asociación Bíblica Española  |c 2007 
260 |a Pamplona  |b Verbo Divino  |c 2007 
500 |a Revista Trimestral de la Asociación Bíblica Española, Invierno 2007 - N§ 56 
650 7 |a LIBROS SAGRADOS  |2 CL-VaPUC  |9 530548 
650 0 |a Teología bíblica  |9 320814 
650 0 |a Antiguo testamento   |9 313678 
650 0 |a Teología   |9 258766 
583 |a last modification  |c 20130618 07:55:24  |k Rodrigo Vera 
490 0 |a Reseña Bíblica, 56 
999 |c 330649  |d 330647 
952 |0 0  |1 2  |4 0  |6 224_200000000000000_RUI_2007_2007  |7 0  |8 A  |9 416324  |a BIBTEO  |b BIBTEO  |d 2019-11-22  |i 4452038  |o 224.2 RUI 2007 2007  |p 4452038  |r 2019-11-22  |w 2019-11-22  |y BK  |k ICR